Discover your possiblities. (Record no. 12762)

000 -LEADER
fixed length control field 00540nam a2200181 a 4500
001 - CONTROL NUMBER
control field :::00010576$&:&@@
003 - CONTROL NUMBER IDENTIFIER
control field OkBaRHE
005 - DATE AND TIME OF LATEST TRANSACTION
control field 20000607103400.0
008 - FIXED-LENGTH DATA ELEMENTS--GENERAL INFORMATION
fixed length control field s1978 j 000 0 eng u
040 ## - CATALOGING SOURCE
Transcribing agency
100 1# - MAIN ENTRY--PERSONAL NAME
Personal name Schuller, Robert H.
245 10 - TITLE STATEMENT
Title Discover your possiblities.
260 ## - PUBLICATION, DISTRIBUTION, ETC. (IMPRINT)
Place of publication, distribution, etc Irvine, CA., :
Name of publisher, distributor, etc Harvest House Publishers
Date of publication, distribution, etc c1978
300 ## - PHYSICAL DESCRIPTION
Extent 249 p. ;
Dimensions 18 cm.
650 ## - SUBJECT ADDED ENTRY--TOPICAL TERM
Topical term or geographic name as entry element Christian Life
942 ## - ADDED ENTRY ELEMENTS (KOHA)
Source of classification or shelving scheme
Koha item type Books
Copies
Price effective from Date last seen Permanent Location Copy number Date acquired Withdrawn status Not for loan Lost status Source of classification or shelving scheme Damaged status Barcode Full call number Koha item type Shelving location
2010-04-142010-04-14RHEMA Bible Training College12010-04-14     10576BV 4501 .S3BooksGeneral Stacks